Choosing and using statistics : a biologists guide

Αποθηκεύτηκε σε:
Λεπτομέρειες βιβλιογραφικής εγγραφής
Κύριος συγγραφέας: Dytham, Calvin
Μορφή: Βιβλίο
Γλώσσα:English
Δημοσίευση: Malden, MA : Blackwell Pub., 2003
Έκδοση:2nd ed.
Θέματα:
Ετικέτες: Προσθήκη ετικέτας
Δεν υπάρχουν, Καταχωρήστε ετικέτα πρώτοι!

MARC

LEADER 00000nam a2200000 i 4500
001 1/92152
008 080821s2003 eng d
020 |a 1-4051-0243-8 
035 |l 10099505 
040 |a GR-MY-UA  |b gre  |e aacr 
041 0 |a eng 
082 0 |a 570.15195  |2 (22) 
100 1 |a Dytham, Calvin. 
245 1 0 |a Choosing and using statistics :  |b a biologists guide /  |c Calvin Dytham 
250 |a 2nd ed. 
260 |a Malden, MA :   |b Blackwell Pub.,   |c 2003 
300 |a xiii, 248 σ.;  |b εικ.;  |c 25 εκ. 
504 |a Ευρετήριο: σ. [243]-248 
650 0 0 |a Biometry. 
852 |a INST  |b LESVOS  |e 20080821  |h 570.15195 DYT  |p 005100042014  |q 005100042014  |t BK  |y 0 
901 |a BIBL1-2008-2 
909 |a Λ  |b 145150 
922 |a 1ΕΛΗ  |b 200801  |c ΕΠΕΑΕΚ2/ΤΕΘ  |d ΕΛΕΥΘΕΡΟΥΔΑΚΗΣ 
970 |a ΚΑΡΑ  |b ΓΙΑΣΕΜΗ  |z 2008/08/21